[Event "Biel ATO op 52nd"]
[Site "Biel"]
[Date "2019.07.24"]
[Round "3"]
[White "Marty, Fridolin"]
[Black "Jenny, Philipp"]
[Result "1/2-1/2"]
[WhiteElo "1921"]
[BlackElo "1777"]
[PlyCount "73"]
[EventDate "2019.07.20"]
[EventType "swiss"]
[EventRounds "9"]
[EventCountry "SUI"]
[SourceTitle "EXT 2020"]
[Source "ChessBase"]
[SourceDate "2019.10.17"]
[SourceVersion "1"]
[SourceVersionDate "2019.10.17"]
[SourceQuality "1"]

1. d4 d5 2. c4 c6 3. cxd5 cxd5 4. Bg5 Nf6 5. Bxf6 exf6 6. e3 Nc6 7. Nc3 Bb4 8. Bd3 0-0 9. Rc1 Re8 10. Bb1 Ne7 11. Qf3 a6 12. Nge2 Be6 13. 0-0 Qd7 14. h3 Rac8 15. Ng3 Ng6 16. Qh5 Nf8 17. Nce2 g6 18. Qf3 Be7 19. Nc3 Kg7 20. a3 h6 21. Qd1 Nh7 22. Qd3 f5 23. Nge2 Nf6 24. Nf4 Bd6 25. Ba2 Bb8 26. Qd1 g5 27. Nh5+ Nxh5 28. Qxh5 f6 29. Qd1 f4 30. exf4 Bxf4 31. Rc2 Bxh3 32. gxh3 Qxh3 33. f3 Be3+ 34. Rff2 Qg3+ 35. Kf1 Qh3+ 36. Kg1 Qg3+ 37. Kf1 1/2-1/2